LEADER 01335nam a2200301 4500 001 000000354074 003 CaOOAMICUS 005 20230801110127.0 008 230607s2023 it 000 u ita r 020 $a978-88-301-1938-3 040 $aSeMil$bita 100 1 $aGressani, Gilles.$0(OLS)http://semarc/name/117682 245 12$aL'Europa e la sua ombra :$bun continente di fronte alla responsabilità del futuro /$cGilles Gressani, Giorgia Serughetti. 264 1$aFirenze ;$aMilano :$bBompiani,$c2023. 300 $a107 p. ;$c18 cm 500 $aMartin Lecture 541 0 $aOmaggio mons. Mario Delpini (3M I 315) 650 4$aEuropa - Politica - Sec. 20.-21.$0(OLS)http://semarc/subject/52532 650 4$aEuropa - Sec. 21.$0(OLS)http://semarc/subject/34996 700 1 $aSerughetti, Giorgia.$0(OLS)http://semarc/name/117683 850 $aSeMil 852 $aSeMil$W1$xVenegono$y1$m3M I 315$j242574$B245308$CSeMilBibl$Z2$F245308 $81 941 1 $a7 961 $aOmaggio mons. Mario Delpini 996 $6020$a978-88-301-1938-3$9(OLS)http://semarc/number/298271 996 $6245$aL'Europa e la sua ombra :$bun continente di fronte alla responsabilità del futuro$9(OLS)http://semarc/title/444217 996 $6264$aFirenze ;$aMilano :$bBompiani$9(OLS)http://semarc/publisher/60021 LEADER 01250nam a2200229 4500 001 000000345095 003 CaOOAMICUS 005 20210329091322.0 008 210329s2018 xxk d 000 u eng r 020 $a978-0-19-726631-1 040 $aSeMil$bita 245 00$a2: H-P. 264 1$aOxford :$bPublished for the British Academy by Oxford University Press ;$aNew York :$bPublished in the United States by Oxford University Press Inc.,$c2018. 300 $aP. 1403-2946 ;$c32 cm 773 0 $tDictionary of medieval Latin from British source.$dOxford : Published for the British Academy by Oxford University Press ; New York : Published in the United States by Oxford University Press Inc., 2018.$z978-0-19-726633-5$g2$w()345091 850 $aSeMil 852 $aSeMil$W1$xVenegono$y1$mSL1.A VI 19$j269900$B236166$CSeMilBibl$Z2$F236166 $8I 996 $6020$a978-0-19-726631-1$9(OLS)http://semarc/number/292742 996 $6245$a2: H-P$9(OLS)http://semarc/title/434205 996 $6264$aOxford :$bPublished for the British Academy by Oxford University Press$9(OLS)http://semarc/publisher/59652 996 $6264$aNew York :$bPublished in the United States by Oxford University Press Inc.$9(OLS)http://semarc/publisher/59653